[Event "Moscow Tal Memorial 10th"]
[Site "Moscow"]
[Date "2016.10.02"]
[Round "6"]
[White "Svidler, Peter"]
[Black "Li, Chao B"]
[Result "1-0"]
[WhiteElo "2745"]
[BlackElo "2746"]
[Annotator "Roiz,M"]
[PlyCount "83"]
[EventDate "2016.09.26"]
[EventType "tourn"]
[EventRounds "9"]
[EventCountry "RUS"]
[EventCategory "21"]
[SourceTitle "CBM 175"]
[Source "ChessBase"]
[SourceDate "2016.11.10"]
[SourceVersion "1"]
[SourceVersionDate "2016.11.10"]
[SourceQuality "1"]

1. Nf3 d5 2. c4 d4 3. b4 Bg4 4. Qb3 {The players have entered into a very rare
theoretical position with mutual chances.} Nf6 ({Two other possibilities look
perfectly playabler for Black:} 4... c6 $5 5. g3 Bxf3 6. exf3 a5 7. bxa5 Qc7 8.
f4 Nd7 $132 {Van Wely,L (2654)-Tomashevsky,E (2695) Dubai 2014}) ({Or} 4...
Bxf3 $5 5. Qxf3 c6 6. Qb3 a5 7. bxa5 Qd7 8. d3 Rxa5 9. Nd2 e5 10. g3 Na6 11.
Bg2 Nc5 12. Qc2 Nf6 $11 {Smith,A (2513)-Grandelius,N (2643) Uppsala SWE 2016})
5. g3 a5 {This is a typical way of securing the c5-spot for the knight.} (5...
Nbd7 $6 {Demuth,A (2545)-Zhigalko,S (2656) Berlin GER 2015 is dubious.} 6. Nxd4
e5 7. Nc2 $16 {, and Black gets no compensation for the central pawn.}) 6. b5
a4 7. Qd3 {The placement of White's queen is rather awkward now, but Peter is
trying to put pressure on the Pd4.} ({The more natural} 7. Qb2 Bxf3 8. exf3 e5
9. Bg2 Nbd7 10. d3 Bd6 11. O-O O-O $11 {wouldn't pose Black any problems.})
7... Bxf3 $6 $146 {A dubious decision - now it would be difficult for Black to
neutralise White's pressure along the h1-a8 diagonal.} ({More to the point is} 
7... c5 8. Bg2 (8. Ne5 $5 Bh5 9. Bg2 Nbd7 10. f4 $132) 8... Nbd7 9. h3 Bh5 10.
O-O e5 {Bologan,V (2640)-Motylev,A (2663) Sochi RUS 2016, Black had an
excellent play.}) 8. Qxf3 c6 9. Bg2 e5 $6 {This advance makes Black's position
even more shaky.} ({The quieter} 9... e6 {was better:} 10. O-O Bc5 11. d3 O-O
12. Bg5 (12. Nd2 cxb5 $1 13. Qxb7 Ra5 14. cxb5 Nd5 $44 {puts White's queen in
danger.}) 12... h6 13. Bxf6 Qxf6 14. Qxf6 gxf6 15. Nd2 $14) 10. O-O Be7 ({
In comparison to the above-mentioned note, now} 10... Bc5 11. d3 O-O 12. Bg5
$16 {would yield White full control over the light squares.}) 11. d3 O-O 12.
Nd2 $16 {Now Black's position lacks any adequate ideas.} h5 {A desperate
attempt to create any counter-play.} (12... Nfd7 {looked somewhat more natural:
} 13. Rb1 f5 {, but after} 14. g4 $1 f4 (14... g6 {is even worse:} 15. gxf5
gxf5 16. Bh3 $18) 15. Ne4 $16 {White would be firmly in a control too.}) 13. h3
{This prophylactic move wasn't necessary.} ({There was nothing wrong with} 13.
Rb1 $5 {and if} h4 {, then} 14. bxc6 bxc6 15. Ne4 $18 {leaves Black in a
hopeless situation.}) 13... g6 14. Rb1 Nh7 ({Hardly better was} 14... Qc7 15.
Bb2 $1 Nh7 16. e3 {and Black's position should collapse soon.}) 15. e3 Re8 ({
Possibly, the best practical chance was} 15... Ng5 $5 16. Qe2 Ne6 17. exd4 Nxd4
18. Qxe5 Bf6 19. Qe3 Bg7 $16 {, giving up the pawn, but securing the d4-spot
for the knight.}) 16. exd4 exd4 17. Re1 {All White's pieces are coming into
play and Black's position slowly starts to collapse.} h4 (17... Ng5 18. Qd1 Bf8
19. Ne4 Nxe4 20. Rxe4 Rxe4 21. Bxe4 Qc7 22. Qf3 Nd7 23. bxc6 Ne5 24. Qg2 bxc6
25. f4 $18) 18. bxc6 ({An even simpler way was} 18. gxh4 $1 Bxh4 19. Rxe8+ Qxe8
20. Ba3) 18... bxc6 19. Rb7 hxg3 20. fxg3 $2 {This natural recapture turns out
to be a serious mistake.} ({Peter had to play} 20. Qxg3 $1 Nf6 21. h4 Bf8 22.
Ne4 Nh5 23. Qg4 $18 {, achieving a winning position.}) 20... Bf6 $2 {Returning
the favour!} ({Finally Black misses a golden opportunity for completing his
development:} 20... Nd7 $1 21. Qxc6 (21. Ne4 $5 {deserves serious attention,
but it's not an easy decision.}) 21... Nc5 $1 {, and there is nothing concrete
for White. For instance,} 22. Rc7 (22. Qxe8+ Qxe8 23. Rbxe7 Qb8 24. Nf1 Ne6 $13
) (22. Bd5 Nxb7 23. Qxg6+ Kh8 24. Bxf7 Rf8 25. Nf3 Nc5 26. Bh6 Bf6 27. Bxf8
Qxf8 $132) 22... Nxd3 23. Qxa8 Nxe1 24. Qxd8 Bxd8 25. Rc8 Nxg2 26. Kxg2 Nf8 $14
{and Black gets definite drawing chances.}) 21. Ne4 Nd7 22. Rf1 $18 {The pin
on the f-file is too strong, so Black cannot avoid a major loss of material.}
Rxe4 23. Qxe4 Nc5 24. Qxc6 Rc8 25. Qb5 Nxb7 26. Bxb7 Rc7 27. Bf4 Re7 {This is
forced. Now the c-passer is becoming very strong.} 28. Be4 Nf8 29. c5 Be5 ({Or
} 29... Ne6 30. Bd6 $18) 30. Bg5 Bxg3 31. Qb6 $1 {The most precise.} Qxb6 (
31... Qe8 32. Bxe7 Qxe7 33. Qf6 $18) 32. cxb6 {The resulting endgame leaves
Black no chances. The rest is just torture.} Re5 33. Bf6 Rb5 34. b7 Ne6 35. Rc1
Nc7 36. Kg2 Bf4 37. Rc4 Kh7 38. Kf3 Bh2 39. Rc5 Kg8 40. Rxb5 Nxb5 41. Bc6 Nc3
42. Bh4 1-0

[Event "EU-Cup 32nd"]
[Site "Novi Sad"]
[Date "2016.11.08"]
[Round "3.1"]
[White "Svidler, Peter"]
[Black "Bluebaum, Matthias"]
[Result "1-0"]
[WhiteElo "2742"]
[BlackElo "2641"]
[Annotator "Mekhitarian,K"]
[PlyCount "117"]
[EventDate "2016.11.06"]
[EventType "team-swiss"]
[EventRounds "7"]
[EventCountry "SRB"]
[SourceTitle "CBM 176"]
[Source "ChessBase"]
[SourceDate "2017.01.17"]
[SourceVersion "1"]
[SourceVersionDate "2017.01.17"]
[SourceQuality "1"]
[WhiteTeam "Mednyi Vsadnik"]
[BlackTeam "Werder Bremen"]
[WhiteTeamCountry "RUS"]
[BlackTeamCountry "GER"]

1. e4 e6 {Matthias Bluebaum is a talented young German player, climbing to
2640 at only 19 years old. He is fond of the French Defence, and has played
nothing else against 1.e4 his whole career (199 games as Black in the database)
!} 2. d4 d5 3. Nc3 Nf6 4. e5 Nfd7 5. f4 c5 6. Nf3 Nc6 7. Be3 {Svidler doesn't
shy away from the main lines, here he faces one of the critical modern lines
of recent years - the Classical French, where Black has been repeatedly
finding new ideas to make White's life harder.} a6 {Some alternatives to this
move are:} (7... Be7 8. Qd2 {and now either O-O, a6 or b6 are possible.}) (7...
Qb6 $5 {diving into concrete lines.}) (7... cxd4 8. Nxd4 Bc5 {aiming for quick
development, where White normally goes for long castling and tries to launch a
kingside attack.}) 8. Qd2 b5 {White has so many moves here.} 9. a3 (9. dxc5 $5
{is one of the options} Bxc5 10. Bd3 Qb6 11. Bf2 $1 {1-0 (30) Harikrishna,P 
(2768)-Bluebaum,M (2641) Novi Sad 2016; and White has been scoring well in
this position. Harikrishna played this against Bluebaum one day after this
game.}) 9... Qa5 {Trying to play ...b4.} 10. Rb1 $5 {A rare idea.} Rb8 (10...
b4 11. axb4 Qxb4 12. Be2 g5 $6 {too optimistic} 13. fxg5 $1 cxd4 14. Nxd4 Ndxe5
15. O-O Bg7 16. Rf4 $16 {1-0 (26) Short,N (2676)-Zhukova,N (2432) Gibraltar
2006; and White had a decisive attack soon.}) 11. Nd1 $6 {It is always hard to
evaluate such endgames from the French Defence, here it looks like Black had
the opportunity to start hammering White's centre after the exchange of queens:
} Qxd2+ 12. Kxd2 cxd4 $6 {It feels like White can start grinding out a small
advantage now that the centre has become more stable.} (12... g5 $5 {a typical
way to create pressure against White's centre} 13. c3 (13. Nxg5 cxd4 14. Bf2
Rg8 $36) (13. dxc5 gxf4 14. Bxf4 Bxc5 {looks fine for Black as well}) 13... g4
14. Ne1 cxd4 $1 15. cxd4 Nb6 $36 {White doesn't have b3 since the a3-pawn is
hanging, and after ...Nc4+ followed by a possible ...b4, I feel like Black
obtains the initative.}) (12... f6 $5 13. c3 fxe5 14. fxe5 (14. Nxe5 Ndxe5 15.
fxe5 cxd4 16. cxd4 b4 $1 17. a4 b3 $15 {with excellent prospects on the
queenside after ...Rb4 or even ...Bb4+}) 14... cxd4 15. cxd4 Nb6 {[%cal Gb6c4]
similar to 12...g5.}) 13. Nxd4 Nxd4 14. Bxd4 Be7 15. Bd3 O-O 16. Nf2 Nb6 (16...
f5 $5 {followed by ...Nc5. With this move, Black loses the chance to play ...
f6, but on the other hand White's expansion on the kingside loses force (g4
and f5), and Black secures an outpost on e4} 17. Ke3 (17. exf6 gxf6 {followed
by ...e5 is supposed to be good for Black}) 17... Nc5 $13) (16... f6 $5 {
also came into consideration.}) 17. b3 Bd7 (17... Bxa3 {wouldn't lose the
bishop, but with precise play, White achieves an advantage:} 18. b4 {
threatening Rb3} (18. Bxb6 Rxb6 19. b4 a5 20. bxa5 Ra6 21. Rxb5 Rxa5 $1 22.
Rxa5 Bb4+ 23. Ke2 Bxa5 $11) 18... Nc4+ $1 19. Bxc4 (19. Ke2 a5 {most likely
transposes to 19.Bxc4}) 19... bxc4 20. c3 {[%cal Gb1a1]} a5 21. bxa5 Ra8 $1 22.
Rb5 (22. Bb6 f6 $1 $132) 22... Ba6 23. Rb6 Be7 24. Ra1 $14 {and White
maintains a good positional blockade, providing at least a small advantage and
good prospects (after improving the knight's position to d4 most likely)}) 18.
Ra1 $14 {As the game goes, it becomes clearer that Black had to play actively
either on the 12th move or on the 16th move. Now White slowly builds up
pressure with a stabilised position.} Bc6 19. Be2 a5 20. h4 Nd7 21. Nd3 $1 {
Avoiding ...Nc5.} b4 {This may be helpful for White, who can now penetrate
through the a-file. On the other hand, it is hard to give a much better advice
for Black. Simply waiting looks bad as well.} (21... Rfc8 {if Black plays a
move like this, then White may simply start pushing his kingside pawns with g4,
or even play as in the game with Bg4!?} 22. g4 $14 (22. Bg4 $5 $14 {
threatening f5, trying to force ...g6})) 22. axb4 axb4 23. Ra7 Bb5 24. Bg4 $5 {
Threatening f5.} (24. g4 $5 {was again possible, followed by f5.}) 24... g6 25.
h5 Rfd8 26. hxg6 hxg6 27. Nf2 {Justifying this whole Bg4 idea followed by h5
and hxg6 - Svidler wants to create direct threats against the black king with
Ng4 at some point.} Bc5 28. Bxc5 Nxc5 29. Bf3 $1 {[%cal Gf2g4] Threatening Ng4!
} Ra8 30. Rc7 Rac8 31. Rxc8 Rxc8 32. Ra1 (32. Ng4 $5 Nd7 (32... Kg7 $5 33. Nf6
Rd8 {trying to hold the position together}) 33. Nf6+ Nxf6 34. exf6 Ra8 35. c4
$1 bxc3+ 36. Kxc3 $16 {and the endgame looks very promising for White, with
the passed pawn and a clear path for his king (d4-e5-d6 or d4-c5).}) 32... Ba6
33. Ra5 Rc6 34. Ke3 Kf8 35. Ng4 Ke7 36. Kd4 Nd7 37. Ne3 {White has reorganised
his pieces in a good way; now it is time to think about concrete action. Bxd5
is a threat suddenly, because after exd5 Nxd5+ and Nxb4, White wins many pawns.
} Nb8 (37... Kd8 $5 {would be interesting, for now stopping the sacrifices on
d5 forcing White to show something.}) 38. Bxd5 $6 (38. Rc5 Kd7 $1 {controlling
the invasion on c5} 39. Rxc6 Kxc6 40. Nxd5 $5 exd5 41. Bxd5+ Kb6 42. Bxf7 {
would be a possible try} Bb7 $1 {An important defensive resource. Now if g3 or
g4, then ...Nc6+! works much better} (42... Nc6+ $2 43. Kd5 $1 $18) 43. g3 Nc6+
44. Kc4 g5 45. e6 gxf4 46. gxf4 Ne7 47. Kxb4 $16 {only White has chances, but
it feels like he shouldn't win this because the kingside pawns lack mobility.})
38... exd5 39. Nxd5+ Kf8 $6 (39... Ke6 $1 40. Nxb4 Bb7 $13 {an even better
version than the game, with an active king (...Kf5 may be a move soon)}) 40.
Nxb4 Rxc2 $2 {A very bad decision on the 40th move - the last one before the
time control, so it is understandable that most likely Black was in deep time
trouble.} (40... Rc8 $1 {remaining the piece up with complex play would have
been much better} 41. c4 Bb7 42. g3 Ke8 $13 {and it is not too easy for White
to advance his pawns.}) 41. Nxa6 Nxa6 $2 {Makes it all easier.} (41... Nc6+ $1
42. Kd3 Rxg2 43. Rc5 Nd8 {would be much more challenging for White, since it
is not easy to defend ...Ne6 and to control the black rook's activity} 44. b4
Ne6 45. Rc4 g5 $1 46. f5 Nf4+ {with defensive chances}) 42. Rxa6 Rxg2 43. b4
$18 {And White is winning this rook endgame with the strong passed pawn and
the better king.} Rb2 44. Kc4 Ke7 (44... Rf2 45. Rf6 $18 {securing f4 and then
calmly advancing the b4 pawn.}) 45. b5 Rc2+ 46. Kb4 Rb2+ 47. Ka5 Re2 48. Rc6
Ra2+ 49. Kb6 Ra4 50. Rf6 Re4 51. Kc7 g5 52. b6 $1 gxf4 53. b7 Rxe5 54. Rxf4 Rb5
55. b8=Q Rxb8 56. Kxb8 Ke6 57. Kc7 f5 58. Rf1 Ke5 59. Kd7 {And Black resigned
in view of} (59. Kd7 Ke4 60. Ke6 f4 61. Kf6 Ke3 62. Kg5 f3 63. Kg4 f2 64. Kg3
$18) 1-0